[Event "III Festival Magistrale"]
[Site "Montecatini Terme ITA"]
[Date "1994.07.??"]
[Round "?"]
[White "Niermann, Michael"]
[Black "Belotti, Bruno"]
[Result "0-1"]
[WhiteElo "2325"]
[BlackElo "2455"]
[PlyCount "68"]
[EventDate "1994.07.30"]

1. Nf3 Nf6 2. g3 d5 3. Bg2 e6 4. O-O Be7 5. d3 c5 6. Nbd2 Nc6 7. e4 O-O 8. Re1
b5 9. e5 Nd7 10. Nf1 a5 11. h4 b4 12. Bf4 a4 13. Ng5 h6 14. Nh3 Nd4 15. Ne3 Nb6
16. Qh5 Nf5 17. Nxf5 exf5 18. Bf3 Re8 19. g4 g6 20. Qxh6 Bf8 21. Qg5 fxg4 22.
Qxd8 Rxd8 23. e6 gxf3 24. exf7+ Kxf7 25. Ng5+ Kg8 26. Bc7 Rd6 27. Bxd6 Bxd6 28.
Re8+ Kg7 29. Rae1 Bd7 30. Rxa8 Nxa8 31. Nxf3 Kf6 32. d4 c4 33. Ne5 Bf5 34. c3
a3 0-1

[Event "III Festival Magistrale"]
[Site "Montecatini Terme ITA"]
[Date "1994.07.??"]
[Round "?"]
[White "Niermann, Michael"]
[Black "Djuric, Stefan"]
[Result "0-1"]
[WhiteElo "2325"]
[BlackElo "2485"]
[PlyCount "72"]
[EventDate "1994.07.30"]

1. Nf3 Nf6 2. g3 g6 3. Bg2 Bg7 4. O-O O-O 5. d3 c5 6. e4 Nc6 7. Nbd2 d6 8. Re1
Bd7 9. e5 dxe5 10. Nxe5 Nxe5 11. Rxe5 Ng4 12. Re2 Rb8 13. h3 Ne5 14. Nf3 Nxf3+
15. Bxf3 e5 16. h4 Qf6 17. Re1 Bc6 18. Kg2 Rfe8 19. Bg5 Qd6 20. Bxc6 Qxc6+ 21.
Qf3 Qb5 22. Rab1 c4 23. dxc4 Qxc4 24. Qb3 Qc6+ 25. f3 e4 26. fxe4 Rxe4 27. Rxe4
Qxe4+ 28. Kh2 Rc8 29. Rc1 h6 30. Bf4 Re8 31. Rg1 g5 32. hxg5 Qe2+ 33. Kh3 hxg5
34. Bxg5 Qf2 35. Qa4 Re5 36. Bf4 Rh5+ 0-1

[Event "III Festival Magistrale"]
[Site "Montecatini Terme ITA"]
[Date "1994.07.??"]
[Round "?"]
[White "Niermann, Michael"]
[Black "Rossi, Giampiero"]
[Result "1-0"]
[WhiteElo "2325"]
[BlackElo "2205"]
[PlyCount "115"]
[EventDate "1994.07.30"]

1. Nf3 d5 2. g3 c5 3. Bg2 Nc6 4. O-O Nf6 5. d3 g6 6. Nbd2 Bg7 7. e4 O-O 8. c3
Qc7 9. exd5 Nxd5 10. Nb3 b6 11. c4 Ndb4 12. a3 Na6 13. d4 cxd4 14. Nfxd4 Bb7
15. Bf4 e5 16. Nb5 Qe7 17. Qe2 Rfe8 18. Rfe1 Rad8 19. Rad1 Nc5 20. Rxd8 Rxd8
21. Nxc5 Qxc5 22. Bg5 f6 23. Be3 Qe7 24. Bd5+ Kh8 25. Qf3 f5 26. h4 e4 27. Qe2
h6 28. Rd1 Ne5 29. Bxb7 Rxd1+ 30. Qxd1 Qxb7 31. Qd8+ Kh7 32. b3 Nf7 33. Qc7
Qxc7 34. Nxc7 Be5 35. Na6 Bd6 36. b4 Ne5 37. c5 bxc5 38. bxc5 Be7 39. Nb4 a5
40. Nd5 Bd8 41. Kf1 g5 42. hxg5 hxg5 43. g4 Kg6 44. gxf5+ Kxf5 45. Ke2 Nc6 46.
Kd2 Ke5 47. Nb6 g4 48. Kc3 Bh4 49. Kc4 g3 50. fxg3 Bxg3 51. Kb5 Nd4+ 52. Kxa5
Nc2 53. Nc4+ Kd5 54. Kb5 Nd4+ 55. Bxd4 Kxd4 56. a4 Bf2 57. c6 Bg3 58. a5 1-0

[Event "III Festival Magistrale"]
[Site "Montecatini Terme ITA"]
[Date "1994.07.??"]
[Round "?"]
[White "Pagnoncelli, Marco"]
[Black "Caruso, Daniele"]
[Result "1/2-1/2"]
[WhiteElo "1900"]
[BlackElo "2085"]
[PlyCount "91"]
[EventDate "1994.07.30"]

1. e4 e6 2. d4 d5 3. exd5 exd5 4. Nf3 Bg4 5. h3 Bxf3 6. Qxf3 Nc6 7. c3 Qd7 8.
Bd3 g6 9. O-O O-O-O 10. Bf4 Bg7 11. Nd2 f5 12. b4 Re8 13. Nb3 Nf6 14. Nc5 Qf7
15. Bb5 Ne4 16. Bxc6 bxc6 17. Qd3 g5 18. Qa6+ Kd8 19. Bh2 Nxc5 20. bxc5 Qd7 21.
Qxa7 f4 22. Rfe1 Qf5 23. Qb7 Kd7 24. Qb1 Rxe1+ 25. Qxe1 Re8 26. Qd1 Rb8 27. a4
Rb2 28. a5 Kc8 29. a6 Kb8 30. a7+ Ka8 31. g4 Qc2 32. Qe1 Qe2 33. Qxe2 Rxe2 34.
h4 h6 35. Ra6 Rc2 36. Ra3 Rb2 37. hxg5 hxg5 38. Kg2 Rb7 39. Ra6 Rb3 40. Rxc6
Rxc3 41. Rg6 Bxd4 42. Rxg5 f3+ 43. Kh3 Rxc5 44. Rf5 Bxf2 45. Rxf3 Bd4 46. Rd3
1/2-1/2

[Event "III Festival Magistrale"]
[Site "Montecatini Terme ITA"]
[Date "1994.07.??"]
[Round "?"]
[White "Pagnoncelli, Marco"]
[Black "Gazzarri, Alberto"]
[Result "1-0"]
[WhiteElo "1900"]
[BlackElo "2210"]
[PlyCount "101"]
[EventDate "1994.07.30"]

1. e4 e5 2. Nf3 Nc6 3. Bb5 f5 4. exf5 e4 5. Qe2 Qe7 6. Bxc6 dxc6 7. Nd4 Qe5 8.
Nf3 Qe7 9. Nd4 Nf6 10. Nc3 Qe5 11. Nf3 Qxf5 12. d3 Bb4 13. Ng5 O-O 14. Ngxe4
Nxe4 15. dxe4 Bxc3+ 16. bxc3 Qg6 17. f3 Be6 18. O-O Qf7 19. Rd1 Bxa2 20. Be3 a5
21. Rd4 a4 22. Qd2 Be6 23. Rdxa4 Rxa4 24. Rxa4 Qe7 25. Rd4 Ra8 26. Bg5 Qf8 27.
Rd8 Rxd8 28. Qxd8 Qxd8 29. Bxd8 Ba2 30. Bxc7 Bb1 31. Kf2 Bxc2 32. Ke3 Kf7 33.
Kd4 Ke6 34. f4 c5+ 35. Ke3 Kd7 36. Be5 g6 37. Bg7 Bd1 38. Bh6 Ke7 39. h3 Kf7
40. g4 b5 41. f5 b4 42. cxb4 cxb4 43. Bf4 Bc2 44. Be5 b3 45. Bb2 Bb1 46. Kf4
g5+ 47. Ke3 Bc2 48. Kd4 Bd1 49. e5 h5 50. e6+ Kf8 51. f6 1-0

[Event "III Festival Magistrale"]
[Site "Montecatini Terme ITA"]
[Date "1994.07.??"]
[Round "?"]
[White "Pagnoncelli, Marco"]
[Black "Giuliano, Arturo"]
[WhiteElo "1900"]
[BlackElo "2114"]
[Result "0-1"]
[PlyCount "40"]
[EventDate "1994.07.30"]

1. e4 e5 2. Nf3 Nc6 3. Bb5 f5 4. exf5 Nf6 5. O-O Be7 6. d4 Nxd4 7. Nxd4 exd4 8.
Qxd4 O-O 9. Bf4 d5 10. Re1 Bxf5 11. c4 c6 12. Ba4 Ne4 13. Qd1 Bc5 14. Rf1 Nxf2
15. Rxf2 Bxb1 16. Qd2 Bxf2+ 17. Qxf2 Be4 18. Qg3 Qb6+ 19. Kh1 Qxb2 20. Be5
Qxa1+ 0-1

[Event "III Festival Magistrale"]
[Site "Montecatini Terme ITA"]
[Date "1994.07.??"]
[Round "?"]
[White "Pagnoncelli, Marco"]
[Black "Leoncini, Mario"]
[Result "1/2-1/2"]
[WhiteElo "1900"]
[BlackElo "2195"]
[PlyCount "54"]
[EventDate "1994.07.30"]

1. e4 c5 2. Nf3 Nc6 3. d4 cxd4 4. Nxd4 Nf6 5. Nc3 e5 6. Ndb5 d6 7. Nd5 Nxd5 8.
exd5 Nb8 9. c4 a6 10. Nc3 Be7 11. Be2 O-O 12. O-O f5 13. f4 Nd7 14. Qc2 g6 15.
Rb1 Bf6 16. a3 exf4 17. Bxf4 Be5 18. Qd2 Bxf4 19. Qxf4 Qf6 20. Bd3 Ne5 21. Qd2
Qh4 22. Rf4 Qh6 23. Rf2 Qg7 24. Be2 Bd7 25. Rc1 Rac8 26. b3 Rf7 27. Na2 g5
1/2-1/2

[Event "III Festival Magistrale"]
[Site "Montecatini Terme ITA"]
[Date "1994.07.??"]
[Round "?"]
[White "Pala, Giorgio"]
[Black "Pagnoncelli, Marco"]
[Result "1-0"]
[WhiteElo "2056"]
[BlackElo "1900"]
[PlyCount "61"]
[EventDate "1994.07.30"]

1. e4 c5 2. Nf3 d6 3. d4 cxd4 4. Nxd4 Nf6 5. Nc3 g6 6. Bc4 Bg7 7. Bb3 O-O 8. f3
Nc6 9. Be3 Bd7 10. Qd2 Qa5 11. O-O-O Rfc8 12. Kb1 Ne5 13. g4 b5 14. h4 Nc4 15.
Bxc4 bxc4 16. h5 Rab8 17. hxg6 fxg6 18. Nde2 Qb4 19. Qc1 Nxe4 20. fxe4 Bxc3 21.
Nxc3 Qxc3 22. Bd4 Rxb2+ 23. Qxb2 Qf3 24. Qc1 Rb8+ 25. Ka1 e5 26. Qh6 Qf7 27.
Bc3 Rb6 28. Rdf1 Qg7 29. Qg5 Rb8 30. Rd1 Qf7 31. Rxd6 1-0

[Event "III Festival Magistrale"]
[Site "Montecatini Terme ITA"]
[Date "1994.07.??"]
[Round "?"]
[White "Pala, Giorgio"]
[Black "Sgnaolin, Davide"]
[Result "0-1"]
[WhiteElo "2056"]
[BlackElo "1925"]
[PlyCount "64"]
[EventDate "1994.07.30"]

1. e4 c5 2. Nf3 Nc6 3. d4 cxd4 4. Nxd4 g6 5. Nb3 Nf6 6. Nc3 Bg7 7. Be2 O-O 8.
Be3 d6 9. f3 Be6 10. Qd2 Qc8 11. Bh6 Rd8 12. Bxg7 Kxg7 13. O-O-O Ne5 14. h4 h5
15. Nd4 Bd7 16. Qg5 Nc4 17. Nc6 Bxc6 18. g4 Rh8 19. e5 dxe5 20. Qxe5 hxg4 21.
Rhf1 g3 22. Qxg3 Qf5 23. Bd3 Qh5 24. f4 Qxh4 25. Qe3 Ng4 26. Qg1 Nh2 27. Rf2
Nf3 28. Qf1 Qxf4+ 29. Kb1 Rad8 30. Re1 Ncd2+ 31. Rxd2 Qxd2 32. Ne4 Bxe4 0-1

[Event "III Festival Magistrale"]
[Site "Montecatini Terme ITA"]
[Date "1994.07.??"]
[Round "?"]
[White "Palac, Mladen"]
[Black "Lau, Ralf"]
[Result "1/2-1/2"]
[WhiteElo "2495"]
[BlackElo "2515"]
[PlyCount "56"]
[EventDate "1994.07.30"]

1. e4 c5 2. Nf3 e6 3. d4 cxd4 4. Nxd4 a6 5. Bd3 g6 6. c4 Bg7 7. Nb3 Nc6 8. O-O
Qc7 9. Nc3 Nf6 10. f4 d6 11. Be3 O-O 12. Rc1 Re8 13. Kh1 Bd7 14. c5 e5 15. Bc4
dxc5 16. Nxc5 Bg4 17. Qe1 exf4 18. Bxf4 Qe7 19. Nd5 Nxd5 20. Bxd5 Rac8 21. Qg3
Be6 22. Bxe6 fxe6 23. Bd6 Qd8 24. e5 b6 25. Ne4 Nd4 26. Rcd1 Nf5 27. Qf3 h5 28.
Ng3 Qd7 1/2-1/2

[Event "III Festival Magistrale"]
[Site "Montecatini Terme ITA"]
[Date "1994.07.??"]
[Round "?"]
[White "Palac, Mladen"]
[Black "Malaniuk, Vladimir P."]
[Result "1/2-1/2"]
[WhiteElo "2495"]
[BlackElo "2610"]
[PlyCount "80"]
[EventDate "1994.07.30"]

1. e4 e5 2. Nf3 Nc6 3. Bb5 a6 4. Ba4 d6 5. c3 Bd7 6. d4 g6 7. O-O Bg7 8. dxe5
Nxe5 9. Nxe5 dxe5 10. Bxd7+ Qxd7 11. Qxd7+ Kxd7 12. f4 exf4 13. Bxf4 Re8 14.
Nd2 Ne7 15. Rae1 Rhf8 16. Nf3 Nc6 17. Kf2 h6 18. h3 Re7 19. Re2 Rfe8 20. Rfe1
Kc8 21. e5 Nd8 22. Rd2 Ne6 23. Bg3 Nc5 24. Kf1 Rd7 25. Rxd7 Nxd7 26. Kf2 Bf8
27. Bf4 Nc5 28. Rd1 Bg7 29. h4 Rd8 30. Rxd8+ Kxd8 31. Ke2 Na4 32. Bc1 Kd7 33.
Kd3 Ke6 34. Ke4 Nc5+ 35. Kd4 b6 36. g4 Nd7 37. Bf4 b5 38. Ke4 c5 39. g5 h5 40.
b4 Bh8 1/2-1/2

[Event "III Festival Magistrale"]
[Site "Montecatini Terme ITA"]
[Date "1994.07.??"]
[Round "?"]
[White "Palac, Mladen"]
[Black "Sulava, Nenad"]
[Result "1-0"]
[WhiteElo "2495"]
[BlackElo "2410"]
[PlyCount "129"]
[EventDate "1994.07.30"]

1. e4 e6 2. d4 d5 3. Nd2 dxe4 4. Nxe4 Bd7 5. Bd3 Bc6 6. Nf3 Bxe4 7. Bxe4 c6 8.
c3 Nf6 9. Bc2 Nbd7 10. Qe2 g6 11. O-O Bg7 12. Bf4 O-O 13. c4 Re8 14. Rfd1 Nh5
15. Bd6 Nb6 16. Be5 Nd7 17. Bxg7 Kxg7 18. Qe3 Qc7 19. Qc3 Nhf6 20. Re1 Rad8 21.
Rad1 Kg8 22. g3 Rc8 23. Re2 b5 24. Bd3 bxc4 25. Bxc4 Nd5 26. Qd2 N7b6 27. Ba6
Rb8 28. Rc1 Ne7 29. Bd3 Nd7 30. h4 Qd6 31. Bc4 Nf5 32. Kg2 Nf6 33. Bd3 Kg7 34.
Qc3 Nd5 35. Qc5 Qd8 36. b3 Qf6 37. Ree1 Rb6 38. Re5 Nde7 39. Ng5 Nd5 40. Nf3
Rd8 41. h5 Nde7 42. Rh1 Rd5 43. Rxd5 Nxd5 44. Bxf5 Qxf5 45. h6+ Kg8 46. Qd6 Qf6
47. Qe5 Qxe5 48. dxe5 f6 49. exf6 Nxf6 50. Re1 Ng4 51. Rxe6 Nxh6 52. Ne5 Ra6
53. a4 Rb6 54. Rxc6 Rxb3 55. Rc8+ Kg7 56. Rc7+ Kf6 57. Nd7+ Kg5 58. Nf8 Ng4 59.
Nxh7+ Kh6 60. Nf8 Rb2 61. Rh7+ Kg5 62. Rf7 Ra2 63. Rf4 Ne5 64. Ne6+ Kh5 65.
Rh4# 1-0

[Event "III Festival Magistrale"]
[Site "Montecatini Terme ITA"]
[Date "1994.07.??"]
[Round "?"]
[White "Picardi, Angelo"]
[Black "Beggi, Pierluigi"]
[Result "1-0"]
[WhiteElo "2123"]
[BlackElo "2220"]
[PlyCount "37"]
[EventDate "1994.07.30"]

1. e4 c5 2. d4 cxd4 3. c3 d5 4. exd5 Qxd5 5. cxd4 Nc6 6. Nf3 e5 7. Nc3 Bb4 8.
Be2 Nge7 9. O-O Bxc3 10. bxc3 exd4 11. cxd4 O-O 12. Be3 Bg4 13. h3 Bh5 14. Qd2
Rac8 15. Rab1 Qd7 16. Rfd1 Rfd8 17. Rb5 Bxf3 18. Bxf3 Nxd4 19. Qxd4 1-0

[Event "III Festival Magistrale"]
[Site "Montecatini Terme ITA"]
[Date "1994.07.??"]
[Round "?"]
[White "Picardi, Angelo"]
[Black "Bocchicchio, Gaetano"]
[WhiteElo "2123"]
[BlackElo "1999"]
[Result "1-0"]
[PlyCount "117"]
[EventDate "1994.07.30"]

1. e4 c5 2. Nc3 Nc6 3. f4 g6 4. Nf3 Bg7 5. Bc4 e6 6. f5 Na5 7. Be2 Nc6 8. O-O
Nge7 9. d3 O-O 10. Qe1 gxf5 11. Qh4 f6 12. Bh6 Rf7 13. Bxg7 Kxg7 14. Nd1 d6 15.
Ne3 Ng6 16. Qe1 f4 17. Nc4 b5 18. Ncd2 Rb8 19. Nh4 Nd4 20. Bd1 e5 21. c3 Nxh4
22. Qxh4 Nc6 23. Bb3 Rf8 24. g3 fxg3 25. Qxg3+ Kh8 26. Kh1 Qe7 27. Rg1 Bd7 28.
Rg2 c4 29. dxc4 Na5 30. Rag1 Nxb3 31. axb3 f5 32. Qg7+ Qxg7 33. Rxg7 Bc6 34.
cxb5 Rxb5 35. Rc7 Be8 36. Rgg7 Bg6 37. Nf3 f4 38. Ng5 f3 39. Kg1 f2+ 40. Kf1
Ra5 41. Rxa7 Rxa7 42. Rxa7 Kg8 43. Nh3 Bxe4 44. Nxf2 Bg6 45. Ke1 Rf4 46. Rd7
Rf6 47. Ng4 Re6 48. Ne3 Be4 49. Nc4 d5 50. Ne3 Kf8 51. b4 Ke8 52. Rc7 d4 53.
Nc4 Bc6 54. Rxh7 d3 55. Rh5 Bd5 56. Nxe5 Bf3 57. Rg5 Be4 58. Kd2 Rh6 59. Ng4
1-0

[Event "III Festival Magistrale"]
[Site "Montecatini Terme ITA"]
[Date "1994.07.??"]
[Round "?"]
[White "Picardi, Angelo"]
[Black "Bonugli, Carlo"]
[WhiteElo "2123"]
[BlackElo "1934"]
[Result "1/2-1/2"]
[PlyCount "80"]
[EventDate "1994.07.30"]

1. e4 e6 2. d4 d5 3. e5 c5 4. Nf3 cxd4 5. Bd3 Nc6 6. O-O Nge7 7. Bf4 Qb6 8.
Nbd2 Bd7 9. a3 a5 10. Qe2 Ng6 11. Bg3 f5 12. exf6 gxf6 13. Nh4 O-O-O 14. Nxg6
hxg6 15. Bxg6 Ne5 16. Bd3 Nxd3 17. cxd3 Bd6 18. b4 a4 19. f4 Rdg8 20. Nf3 Rg4
21. Rac1+ Kd8 22. Ng5 Rxg5 23. fxg5 fxg5 24. Qg4 Rg8 25. h4 e5 26. Qh5 Be6 27.
hxg5 e4 28. Bxd6 Qxd6 29. g6 Qg3 30. Qh6 Qxg6 31. Rf8+ Ke7 32. Qxg6 Rxg6 33.
Rf4 Rg4 34. Rxg4 Bxg4 35. Rc5 Kd6 36. Kf2 e3+ 37. Ke1 Bf5 38. Ke2 Bg4+ 39. Ke1
Bf5 40. Ke2 Bg4+ 1/2-1/2

[Event "III Festival Magistrale"]
[Site "Montecatini Terme ITA"]
[Date "1994.07.??"]
[Round "?"]
[White "Picardi, Angelo"]
[Black "Scotti, Umberto"]
[Result "0-1"]
[WhiteElo "2123"]
[BlackElo "2250"]
[PlyCount "82"]
[EventDate "1994.07.30"]

1. e4 e6 2. d4 d5 3. e5 c5 4. Nf3 cxd4 5. Bd3 Nc6 6. O-O f6 7. Qe2 fxe5 8. Nxe5
Nf6 9. Bf4 Bd6 10. Nd2 O-O 11. Ndf3 Nxe5 12. Bxe5 Bxe5 13. Qxe5 Bd7 14. Rae1
Qb6 15. Qxd4 Qxd4 16. Nxd4 Rae8 17. f4 Re7 18. Re2 Rfe8 19. Rfe1 Kf8 20. c3 a6
21. g3 g6 22. Kg2 Ng4 23. Nf3 Nf6 24. Nd4 Ng4 25. Nf3 Nf6 26. a3 Bc6 27. Nd4
Bd7 28. Nf3 Bc6 29. Ne5 Nd7 30. Nxd7+ Rxd7 31. Rxe6 d4+ 32. Kf2 Rxe6 33. Rxe6
dxc3 34. Ke3 cxb2 35. Bc2 Ba4 36. Be4 Rd1 37. Rb6 Re1+ 38. Kd3 Rxe4 39. Kxe4
Bc2+ 40. Kd5 b1=Q 41. Rxb1 Bxb1 0-1

[Event "III Festival Magistrale"]
[Site "Montecatini Terme ITA"]
[Date "1994.07.??"]
[Round "?"]
[White "Pieri, Filippo"]
[Black "Balzan, Roberto"]
[Result "1-0"]
[WhiteElo "2220"]
[BlackElo "1933"]
[PlyCount "69"]
[EventDate "1994.07.30"]

1. e4 e6 2. d4 d5 3. Nc3 Nf6 4. Bg5 Be7 5. e5 Nfd7 6. h4 h6 7. Be3 c5 8. Qg4
Bf8 9. O-O-O cxd4 10. Bxd4 Nc6 11. f4 Nxd4 12. Rxd4 Qb6 13. Nf3 Nc5 14. Bb5+
Bd7 15. Bxd7+ Nxd7 16. f5 O-O-O 17. fxe6 fxe6 18. Rhd1 g5 19. Nxd5 exd5 20.
Rxd5 h5 21. Qf5 g4 22. Rxd7 Bh6+ 23. Ng5 Bxg5+ 24. hxg5 Qe3+ 25. Kb1 Rxd7 26.
Qxd7+ Kb8 27. e6 Rc8 28. e7 Qe2 29. c3 h4 30. Qxc8+ Kxc8 31. Rd8+ Kc7 32. e8=Q
Qf1+ 33. Kc2 Qxg2+ 34. Rd2 Qc6 35. Qd8# 1-0

[Event "III Festival Magistrale"]
[Site "Montecatini Terme ITA"]
[Date "1994.07.??"]
[Round "?"]
[White "Pieri, Filippo"]
[Black "Cecconi, Giovanni Alberto"]
[Result "1/2-1/2"]
[WhiteElo "2220"]
[BlackElo "2240"]
[PlyCount "82"]
[EventDate "1994.07.30"]

1. e4 c5 2. Nf3 Nc6 3. d4 cxd4 4. Nxd4 e5 5. Nb5 a6 6. Nd6+ Bxd6 7. Qxd6 Qf6 8.
Qxf6 Nxf6 9. Nc3 Nb4 10. Kd2 O-O 11. a3 Nc6 12. f3 d6 13. Ke1 h6 14. Be3 Be6
15. Rd1 Rad8 16. Bb6 Rd7 17. Nd5 Bxd5 18. exd5 Ne7 19. c4 Re8 20. b4 Nc8 21.
Be3 e4 22. Kd2 Rde7 23. Bd4 e3+ 24. Ke2 Nh5 25. g3 f5 26. Bh3 g6 27. Rhe1 f4
28. Bg4 Ng7 29. gxf4 Rf7 30. Bxe3 Nf5 31. Bxf5 Rxf5 32. Kd3 Rh5 33. Bg1 Rd8 34.
Re6 Kf7 35. Rde1 Rd7 36. Bd4 Rf5 37. R6e4 Ne7 38. a4 b5 39. axb5 axb5 40. cxb5
Nxd5 41. Kc4 Nxf4 1/2-1/2

[Event "III Festival Magistrale"]
[Site "Montecatini Terme ITA"]
[Date "1994.07.??"]
[Round "?"]
[White "Pieri, Filippo"]
[Black "Djuric, Stefan"]
[Result "1/2-1/2"]
[WhiteElo "2220"]
[BlackElo "2485"]
[PlyCount "112"]
[EventDate "1994.07.30"]

1. e4 e5 2. Nf3 Nc6 3. d4 exd4 4. Bc4 Be7 5. Nxd4 d6 6. O-O Nf6 7. Nc3 O-O 8.
h3 a6 9. a4 Re8 10. Re1 Bd7 11. f4 Nxd4 12. Qxd4 Bc6 13. b3 Nd7 14. Nd5 Bf6 15.
Nxf6+ Qxf6 16. Qxf6 gxf6 17. Bb2 Bxe4 18. Re2 d5 19. Rd1 c6 20. Kf2 Nc5 21. Ba3
Ne6 22. g3 b5 23. Bd3 Nd4 24. Red2 Bxd3 25. Rxd3 Ne6 26. Kf3 Rab8 27. Re3 c5
28. Kg4 d4 29. Ree1 b4 30. Bc1 h6 31. h4 h5+ 32. Kxh5 Kh7 33. Kg4 Nc7 34. Bd2
Nd5 35. Kf3 f5 36. Re5 Rxe5 37. fxe5 Re8 38. Bf4 Rg8 39. Re1 Rg4 40. Rh1 Nc7
41. h5 Ne6 42. h6 d3 43. cxd3 Nd4+ 44. Ke3 Nxb3 45. Rh5 Nd4 46. Kd2 a5 47. Be3
c4 48. dxc4 Nf3+ 49. Ke2 Nxe5 50. Bf4 b3 51. Bxe5 Re4+ 52. Kd2 Rxe5 53. Kc1 Re4
54. Rxf5 Rxc4+ 55. Kb2 Rxa4 56. Rxf7+ Kxh6 1/2-1/2

[Event "III Festival Magistrale"]
[Site "Montecatini Terme ITA"]
[Date "1994.07.??"]
[Round "?"]
[White "Pieri, Filippo"]
[Black "Temi, Walter"]
[Result "1/2-1/2"]
[WhiteElo "2220"]
[BlackElo "2020"]
[PlyCount "106"]
[EventDate "1994.07.30"]

1. e4 b6 2. d4 Bb7 3. Nc3 e6 4. a3 Nf6 5. Bd3 d5 6. e5 Nfd7 7. Nce2 Ba6 8. Nf3
c5 9. Bxa6 Nxa6 10. c3 Be7 11. Qa4 Qc8 12. Bg5 Bxg5 13. Nxg5 h6 14. Nf3 c4 15.
O-O Nab8 16. Nd2 Nc6 17. f4 g6 18. g4 Ne7 19. f5 gxf5 20. gxf5 b5 21. Qxb5 Rg8+
22. Kh1 Rb8 23. Qa4 Nxf5 24. Rxf5 exf5 25. Qc2 Nf8 26. Nf3 Ne6 27. Qxf5 Ng5 28.
Qxc8+ Rxc8 29. Rg1 Kd7 30. Nh4 Ne4 31. Rf1 Rgf8 32. Nf4 Rb8 33. Nxd5 Rxb2 34.
Nf6+ Nxf6 35. Rxf6 Rc2 36. Nf5 Rc1+ 37. Kg2 Rc2+ 38. Kf3 Rxc3+ 39. Ke4 Rxa3 40.
d5 Ke8 41. Nd6+ Ke7 42. Nxc4 Ra4 43. d6+ Kd7 44. Kd5 Ra1 45. Rxh6 Rc8 46. Ne3
Ra5+ 47. Ke4 Ra4+ 48. Kf5 Ra3 49. Ng4 Rf3+ 50. Kg5 Rf1 51. Nf6+ Ke6 52. Ng4+
Kd7 53. Nf6+ Ke6 1/2-1/2

[Event "III Festival Magistrale"]
[Site "Montecatini Terme ITA"]
[Date "1994.07.??"]
[Round "?"]
[White "Pieri, Filippo"]
[Black "Vezzosi, Paolo"]
[Result "0-1"]
[WhiteElo "2220"]
[BlackElo "2300"]
[PlyCount "68"]
[EventDate "1994.07.30"]

1. e4 c5 2. Nf3 Nc6 3. d4 cxd4 4. Nxd4 g6 5. Nc3 Bg7 6. Be3 Nf6 7. Nxc6 bxc6 8.
e5 Ng8 9. f4 Nh6 10. Qd2 O-O 11. O-O-O f6 12. Bc4+ Nf7 13. h4 fxe5 14. fxe5 e6
15. Bf4 Qa5 16. Be2 Bxe5 17. Bxe5 Qxe5 18. Kb1 d5 19. h5 g5 20. h6 Qf4 21. Qd3
e5 22. Rdf1 e4 23. Qd4 Qe5 24. Qc5 Bd7 25. Bh5 Nxh6 26. Rxf8+ Rxf8 27. Qxa7 Qg7
28. a4 Bf5 29. Qxg7+ Kxg7 30. Bd1 Ra8 31. b3 Ng4 32. Re1 Kf6 33. Kc1 Ke5 34.
Bxg4 Bxg4 0-1

[Event "III Festival Magistrale"]
[Site "Montecatini Terme ITA"]
[Date "1994.07.??"]
[Round "?"]
[White "Rossi, Giampiero"]
[Black "Caruso, Daniele"]
[Result "1/2-1/2"]
[WhiteElo "2205"]
[BlackElo "2085"]
[PlyCount "32"]
[EventDate "1994.07.30"]

1. d4 Nf6 2. c4 g6 3. g3 Bg7 4. Bg2 O-O 5. Nc3 d6 6. Nf3 Nbd7 7. O-O e5 8. Qc2
c6 9. Rd1 Qc7 10. h3 Nh5 11. b3 f5 12. dxe5 dxe5 13. e3 e4 14. Ne1 Ne5 15. Bb2
Be6 16. Rac1 Rad8 1/2-1/2

[Event "III Festival Magistrale"]
[Site "Montecatini Terme ITA"]
[Date "1994.07.??"]
[Round "?"]
[White "Rossi, Giampiero"]
[Black "Giordani, Marco"]
[WhiteElo "2205"]
[BlackElo "2034"]
[Result "1-0"]
[PlyCount "117"]
[EventDate "1994.07.30"]

1. d4 Nf6 2. c4 e6 3. Nc3 Bb4 4. Qc2 c5 5. dxc5 Nc6 6. Nf3 Bxc5 7. a3 O-O 8. e3
d5 9. b4 Be7 10. cxd5 Nxd5 11. Nxd5 Qxd5 12. Be2 b6 13. O-O e5 14. Bd3 Bb7 15.
Bxh7+ Kh8 16. Be4 Qe6 17. Bb2 Bf6 18. Rac1 Rac8 19. Bf5 Qd5 20. Bxc8 Rxc8 21.
Qf5 Rd8 22. Qc2 g6 23. Rfd1 Qe6 24. Rxd8+ Nxd8 25. Ne1 Kg7 26. Qc3 Qd5 27. Qd3
Qa2 28. Qb1 Qd5 29. Rd1 Qc6 30. Qc2 Qe6 31. Qc3 Qg4 32. Rd6 Ne6 33. f3 Qf5 34.
e4 Qg5 35. Rxe6 fxe6 36. Qc7+ Kf8 37. Qxb7 Qd2 38. Qc8+ Kf7 39. Qc1 Qe2 40. Bc3
Qc4 41. Qd2 Ke7 42. g3 g5 43. Qd3 Qa2 44. Nc2 Qb1+ 45. Kg2 Qb3 46. b5 Kf7 47.
Kf2 Kg6 48. Ke2 Qb1 49. Ne1 Qa2+ 50. Bd2 Be7 51. Nc2 Qb1 52. Ne3 Qg1 53. Ng4
Qg2+ 54. Kd1 Qg1+ 55. Kc2 Qa1 56. Bc1 Qa2+ 57. Bb2 Bc5 58. Nxe5+ Kh5 59. Qb3
1-0

[Event "III Festival Magistrale"]
[Site "Montecatini Terme ITA"]
[Date "1994.07.??"]
[Round "?"]
[White "Rossi, Giampiero"]
[Black "Lau, Ralf"]
[Result "0-1"]
[WhiteElo "2205"]
[BlackElo "2515"]
[PlyCount "70"]
[EventDate "1994.07.30"]

1. d4 d5 2. c4 c6 3. cxd5 cxd5 4. Nc3 e6 5. Nf3 Nc6 6. Bf4 Bd6 7. Bxd6 Qxd6 8.
e3 Nge7 9. Bd3 a6 10. O-O f5 11. Qe2 b5 12. a4 b4 13. Na2 O-O 14. Nc1 Rf6 15.
Nb3 Rh6 16. Rfc1 Kh8 17. Rc2 g5 18. g3 g4 19. Ne1 e5 20. dxe5 Nxe5 21. Nd4 Bd7
22. b3 Rg8 23. Ng2 N7c6 24. Nh4 Rxh4 25. Rxc6 Bxc6 26. gxh4 Bd7 27. Kh1 Qf6 28.
Rc1 Rg6 29. Rc7 Rh6 30. Rxd7 Qxh4 31. Rd8+ Qxd8 32. Nxf5 Rf6 33. Bb1 Qc8 34.
Qc2 Qxc2 35. Bxc2 Nf3 0-1

[Event "III Festival Magistrale"]
[Site "Montecatini Terme ITA"]
[Date "1994.07.??"]
[Round "?"]
[White "Rossi, Giampiero"]
[Black "Sgnaolin, Davide"]
[WhiteElo "2205"]
[BlackElo "1925"]
[Result "1-0"]
[PlyCount "151"]
[EventDate "1994.07.30"]

1. e4 c5 2. Nf3 e6 3. Nc3 a6 4. d4 cxd4 5. Nxd4 Qc7 6. g3 Nf6 7. Bg2 Be7 8. O-O
O-O 9. Re1 d6 10. a4 Bd7 11. h3 Nc6 12. g4 Rfc8 13. Nde2 Rab8 14. Ng3 b5 15.
axb5 axb5 16. f4 Bf8 17. Bf1 b4 18. Nb1 Ra8 19. Rxa8 Rxa8 20. Be3 Bc8 21. Nd2
d5 22. e5 Nd7 23. Nb3 Ba6 24. Bxa6 Rxa6 25. Qe2 Qb7 26. Nd4 Ra2 27. Nxc6 Qxc6
28. Bd4 Bc5 29. Bxc5 Qxc5+ 30. Qf2 Qxf2+ 31. Kxf2 Rxb2 32. Re2 Nc5 33. Ke3 g6
34. f5 Kf8 35. fxg6 fxg6 36. Nh1 b3 37. cxb3 Rxb3+ 38. Kd4 Ne4 39. Nf2 Nxf2 40.
Rxf2+ Ke7 41. Ra2 Rb4+ 42. Kd3 Re4 43. Ra7+ Kf8 44. Rxh7 Rxe5 45. Kd4 Re4+ 46.
Kd3 Rf4 47. Ke3 Rf7 48. Rh8+ Kg7 49. Re8 Kf6 50. Kd4 Rh7 51. Rf8+ Ke7 52. Rf3
Kd6 53. Kd3 Ra7 54. Rf6 Kc5 55. Rxg6 Ra3+ 56. Ke2 Rxh3 57. g5 d4 58. Rg8 Kc4
59. g6 Rg3 60. g7 e5 61. Kf2 Rf3+ 62. Ke2 Rf7 63. Kd2 Ra7 64. Ke2 d3+ 65. Kd2
Rc7 66. Kd1 Rd7 67. Kd2 Kd4 68. Ra8 Rf7 69. Kd1 Re7 70. Kd2 Rf7 71. Kd1 Rd7 72.
Kd2 e4 73. Kd1 Ke3 74. Ke1 Ra7 75. Kf1 d2 76. Rd8 1-0

[Event "III Festival Magistrale"]
[Site "Montecatini Terme ITA"]
[Date "1994.07.??"]
[Round "?"]
[White "Scotti, Umberto"]
[Black "Capuano, Eugenio"]
[WhiteElo "2250"]
[BlackElo "2025"]
[Result "1/2-1/2"]
[PlyCount "34"]
[EventDate "1994.07.30"]

1. e4 c5 2. c3 Nf6 3. e5 Nd5 4. d4 cxd4 5. cxd4 Nc6 6. Nf3 d6 7. Bc4 Nb6 8. Bb5
dxe5 9. Nxe5 Bd7 10. Bxc6 Bxc6 11. Nxc6 bxc6 12. O-O g6 13. Re1 Bg7 14. Bg5 O-O
15. Bxe7 Qxd4 16. Nc3 Qxd1 17. Raxd1 Rfe8 1/2-1/2

[Event "III Festival Magistrale"]
[Site "Montecatini Terme ITA"]
[Date "1994.07.??"]
[Round "?"]
[White "Scotti, Umberto"]
[Black "Caputi, Nicola"]
[Result "1-0"]
[WhiteElo "2250"]
[BlackElo "1913"]
[PlyCount "55"]
[EventDate "1994.07.30"]

1. e4 c5 2. c3 d5 3. exd5 Qxd5 4. d4 e6 5. Nf3 Nf6 6. Bd3 cxd4 7. cxd4 Be7 8.
Nc3 Qd8 9. O-O O-O 10. Qe2 Nc6 11. Rd1 Nb4 12. Bc4 Nbd5 13. Bg5 Re8 14. Ne5 a6
15. Rd3 Qd6 16. Rh3 b5 17. Bd3 g6 18. Qf3 Ra7 19. Ne4 Qb4 20. Nxf6+ Bxf6 21.
Bxf6 Qxb2 22. Rb1 Qxa2 23. Ng4 h5 24. Ne5 Rc7 25. Rf1 Bb7 26. Rg3 Rc3 27. Qxh5
Nxf6 28. Rxg6+ 1-0